Oživia niekdajšiu spoluprácu. Predstavitelia poľských družstiev na Slovensku.
Návšteva trojčlennej delegácie zväzu poľských spotrebných družstiev Spolem na Slovensku. Snaha o oživenie niekdajšej vzájomnej obchodnej spolupráce medzi spotrebnými družstvami. Platnosť dohody o zóne voľného obchodu od 1. marca a jej vplyv na obchodnú spoluprácu slovenských a poľských spotrebných d...
Enregistré dans:
| Format: | Chapitre de livre |
|---|---|
| Langue: | slovaque |
| Sujets: | |
| Tags: |
Pas de tags, Soyez le premier à ajouter un tag!
|
MARC
| LEADER | 00000naa a2200000 4500 | ||
|---|---|---|---|
| 001 | r013583 | ||
| 005 | 20221213122749.4 | ||
| 041 | 0 | |a slo | |
| 044 | |a SK | ||
| 245 | 1 | 0 | |a Oživia niekdajšiu spoluprácu. |b Predstavitelia poľských družstiev na Slovensku. |
| 520 | |a Návšteva trojčlennej delegácie zväzu poľských spotrebných družstiev Spolem na Slovensku. Snaha o oživenie niekdajšej vzájomnej obchodnej spolupráce medzi spotrebnými družstvami. Platnosť dohody o zóne voľného obchodu od 1. marca a jej vplyv na obchodnú spoluprácu slovenských a poľských spotrebných družstiev. | ||
| 610 | 2 | 0 | |a družstvá spotrebné |
| 610 | 2 | 0 | |a spolupráca hospodárska medzinárodná |
| 610 | 2 | 0 | |a Slovensko |
| 610 | 2 | 0 | |a PR |